Statistics for Most Racially Tolerant Countries

Click here to take the quiz!

General Stats

  • This quiz has been taken 779 times
  • The average score is 14 of 23

Answer Stats

Country% Correct
United States
93%
United Kingdom
89%
Canada
88%
Sweden
83%
Germany
82%
Norway
80%
Australia
79%
Mexico
78%
Spain
76%
Brazil
75%
New Zealand
71%
Argentina
69%
Japan
66%
Chile
62%
Belgium
61%
Colombia
57%
Peru
56%
South Africa
55%
Guatemala
26%
Latvia
19%
Croatia
17%
Pakistan
16%
Belarus
8%

Score Distribution

Percentile by Number Answered

Percent of People with Each Score

Your Score History

You have not taken this quiz